01236nam a2200277 a 4500001001000000003000900010005001700019007000300036008004100039020001800080040002500098082000700123100003600130245010100166260005700267300002800324500007100352590002600423700005100449942001400500952009700514952010300611952011200714952011500826999001700941000044157DO-SdBNP20250129073605.0ta140602s2008 dr a 000 0 spa d a9789945405989 aDO-SdBNPbspacBNPHU 42221 aNúñez, Juan Gilberto93448010aDuarte en mi corazón de niño /cJuan Gilberto Núñez. ; prólogo Juan Daniel Balcácer. aSanto Domingo :bFundación Luces y Sombras,c2008. a105 p. :bil. ;c24 cm. aIncluye datos biográficos del autor en las solapa de la cubierta aInventariado, 2022/BT1 aBalcácer, Juan Daniel,d1949-epról.96566 2ddccLBS1 00102ddc51708PDaBNPHUbBNPHUcCTd2014-06-02o p44157-10r2020-06-25w2020-06-25yLBS1 00102ddc51708PDaBNPHUbBNPHUcCTd2014-06-02o p44157-20r2020-06-25te. 2w2020-06-25yLBS1 00102ddc56708DSaBNPHUbBNPHUcCTd2022-04-21eDonaciónp2022-1480r2022-04-21te.3w2022-04-21yLBS1 00102ddc56708DSaBNPHUbBNPHUcCTd2023-01-11eDonaciónl0p2023-0072r2023-01-11te.4w2023-01-11yLBS1 c43646d43646